banner koha

Genes associated with pathogenicity of avian Escherichia coli (APEC)isolated from respiratory cases poultry (Registro n. 225246)

MARC details
000 -LÍDER
campo de controle de tamanho fixo 01189nas a2200361 4500
001 - NÚMERO DE CONTROLE
campo de controle BR2013000300
003 - IDENTIFICADOR DO NÚMERO DE CONTROLE
campo de controle BR-BrBNA
005 - DATA E HORÁRIO DA ÚLTIMA TRANSAÇÃO
campo de controle 20231205121803.0
007 - CAMPO FIXO DE DESCRIÇÃO FÍSICA--INFORMAÇÃO GERAL
campo de controle de tamanho fixo ta
008 - CAMPO DE DADOS FIXOS--INFORMAÇÃO GERAL
campo de controle de tamanho fixo 230509b bl.|||p| |||| 00| 00por d
040 ## - FONTE DA CATALOGAÇÃO
Instituição da catalogação original BR-BrBNA
Idioma da catalogação por
Instituição que transcreveu o registro Biblioteca Nacional de Agricultura
041 ## - CÓDIGO DE IDIOMA
Código do idioma do texto/trilha sonora ou título diferente (En)
072 ## - CÓDIGO DE CATEGORIA DE ASSUNTO
Código de Categoria de Assunto L73; L10
100 1# - ENTRADA PRINCIPAL--NOME PESSOAL
Nome pessoal Rocha, A.C.G.P.
100 1# - ENTRADA PRINCIPAL--NOME PESSOAL
Nome pessoal Rocha, S.L.S.
100 1# - ENTRADA PRINCIPAL--NOME PESSOAL
Nome pessoal Lima-Rosa, C.A.V.
100 1# - ENTRADA PRINCIPAL--NOME PESSOAL
Nome pessoal Souza, G.F.
100 1# - ENTRADA PRINCIPAL--NOME PESSOAL
Nome pessoal Moraes, H.L.S.
100 1# - ENTRADA PRINCIPAL--NOME PESSOAL
Nome pessoal Salle, F.O.
100 1# - ENTRADA PRINCIPAL--NOME PESSOAL
Nome pessoal Moraes, L.B.
100 1# - ENTRADA PRINCIPAL--NOME PESSOAL
Nome pessoal Salle, C.T.P.
245 1# - TÍTULO
Título Genes associated with pathogenicity of avian Escherichia coli (APEC)isolated from respiratory cases poultry
246 1# - FORMA VARIANTE DO TÍTULO
Título/título abreviado Genes associated with pathogenicity of avian Escherichia coli (APEC)isolated from respiratory cases poultry
650 ## - ASSUNTO--TERMO TÓPICO
Cabeçalho tópico ou nome geográfico ESCHERICHIA COLI
650 ## - ASSUNTO--TERMO TÓPICO
Cabeçalho tópico ou nome geográfico BACTÉRIA PATOGÊNICA
650 ## - ASSUNTO--TERMO TÓPICO
Cabeçalho tópico ou nome geográfico FRANGO DE CORTE
650 ## - ASSUNTO--TERMO TÓPICO
Cabeçalho tópico ou nome geográfico PATOGENICIDADE
650 ## - ASSUNTO--TERMO TÓPICO
Cabeçalho tópico ou nome geográfico GENE
650 ## - ASSUNTO--TERMO TÓPICO
Cabeçalho tópico ou nome geográfico BACTÉRIA PATOGÊNICA
773 0# - ENTRADA ANALÍTICA
Título Pesquisa Veterinária Brasileira (Brazil)
ISSN - International Standard Serial Number ISSN 0100-736X
Partes relacionadas (Mar 2008), v. 28(3) p. 183-186
Número de controle do registro BR2013000300
909 ## -
-- 202311
-- Lúcia
-- 55
-- Lúcia Elande
942 ## - ELEMENTOS DE ENTRADA ADICIONADOS (KOHA)
Fonte da classificação ou esquema de arquivamento na estante Classificação AGRIS
Ocultar no OPAC Não
Tipo de material Koha Analítica
Exemplares
Situação do descarte Fonte da classificação ou esquema de arquivamento na estante Situação física Não pode ser emprestado Biblioteca de origem Biblioteca atual Localização na estante Enumeração do periódico / cronologia Total de empréstimos Data de último acesso Número do exemplar Tipo de material Koha Fonte de aquisição
  Classificação AGRIS   Consulta local Biblioteca Nacional de Agricultura - Binagri Biblioteca Nacional de Agricultura - Binagri   (Mar 2008), v. 28(3) p. 183-186   29/11/2023 01 Periódicos Portaria Interministerial nº 164/94

BINAGRI

Telefone: (61)3218-2567/2388/3357/2097 - binagri@agro.gov.br

Ministério da Agricultura e Pecuária , Esplanada dos Ministérios, Bloco D, Anexo B, Brasília/DF, CEP: 70.043-900